书目信息 |
| 题名: |
闽都记忆
|
|
| 作者: | 黄文山 主编 ;福州闽都文化研究会 编 | |
| 分册: | 纪事卷 | |
| 出版信息: | 福州 海峡文艺出版社 2020 |
|
| 页数: | 290页 | |
| 开本: | 24cm | |
| 丛书名: | 闽都文化丛书 | |
| 单 册: | ||
| 中图分类: | K295.71 , K295.7 | |
| 科图分类: | ||
| 主题词: | ||
| 电子资源: | ||
| ISBN: | 978-7-5550-2423-1 | |
| 000 | 01271oam2 2200289 450 | |
| 001 | 2378052820 | |
| 005 | 20231018101031.57 | |
| 010 | @a978-7-5550-2423-1@dCNY56.00 | |
| 100 | @a20201201d2020 em y0chiy50 ea | |
| 101 | 0 | @achi |
| 102 | @aCN@b350000 | |
| 105 | @ay z 000yy | |
| 200 | 1 | @a闽都记忆@Amin dou ji yi@e《闽都文化》精选本@i纪事卷@f福州闽都文化研究会编 |
| 210 | @a福州@c海峡文艺出版社@d2020 | |
| 215 | @a290页@d24cm | |
| 225 | 2 | @a闽都文化丛书 |
| 314 | @a书中题责任者: 主编黄文山 | |
| 330 | @a本书主要介绍福州市非物质文化遗产概况,以翔实的资料,图文并茂的形式,按批次详细介绍福州市非物质遗产的源起、传承人、现状等情况。书稿分为民间文学、传统工艺、传统舞蹈、传统戏剧、传统美术、民俗等部分,让读者对福州市非物质文化遗产有充分的了解,对研究福州市非物质文化遗产的专业人士和普通读者都有很好的借鉴和帮助作用,有助于福州非物质文化遗产的传承与发扬,让更多人关注福州老记忆。 | |
| 410 | 0 | @12001 @a闽都文化丛书 |
| 517 | 1 | @a《闽都文化》精选本@A《 min dou wen hua》 jing xuan ben |
| 607 | @a福州@x地方史 | |
| 690 | @aK295.71@v5 | |
| 690 | @aK295.7@v4 | |
| 701 | 0 | @a黄文山@Ahuang wen shan@4主编 |
| 712 | 02 | @a福州闽都文化研究会@Afu zhou min dou wen hua yan jiu hui@4编 |
| 801 | 0 | @aCN@b大连网信软件有限公司图书馆·11@c20231018 |
| 905 | @aZUCC@dK295.7@e4:1 | |
| 闽都记忆:《闽都文化》精选本.纪事卷/福州闽都文化研究会编.-福州:海峡文艺出版社,2020 |
| 290页;24cm.-(闽都文化丛书) |
| ISBN 978-7-5550-2423-1:CNY56.00 |
| 本书主要介绍福州市非物质文化遗产概况,以翔实的资料,图文并茂的形式,按批次详细介绍福州市非物质遗产的源起、传承人、现状等情况。书稿分为民间文学、传统工艺、传统舞蹈、传统戏剧、传统美术、民俗等部分,让读者对福州市非物质文化遗产有充分的了解,对研究福州市非物质文化遗产的专业人士和普通读者都有很好的借鉴和帮助作用,有助于福州非物质文化遗产的传承与发扬,让更多人关注福州老记忆。 |
| ● |
| 相关链接 |
|
|
|
正题名:闽都记忆
索取号:K295.7/4:1
 
预约/预借
| 序号 | 登录号 | 条形码 | 馆藏地/架位号 | 状态 | 备注 |
| 1 | 2001032259 | 2001032259 | 第四书库/四33架B面2层5列/ [索取号:K295.7/4:1] | 在馆 | |
| 2 | 2001032260 | 2001032260 | 第四书库/四33架B面2层5列/ [索取号:K295.7/4:1] | 在馆 | |
| 3 | 2001032261 | 2001032261 | 第四书库/四33架B面2层5列/ [索取号:K295.7/4:1] | 在馆 | |
| 4 | 2001032262 | 2001032262 | 第四书库/四33架B面2层5列/ [索取号:K295.7/4:1] | 在馆 | |
| 5 | 2001032263 | 2001032263 | 第四书库/四33架B面2层5列/ [索取号:K295.7/4:1] | 在馆 | |
| 6 | 2001032264 | 2001032264 | 第四书库/四33架B面2层5列/ [索取号:K295.7/4:1] | 在馆 |